La política alemana
Saved in:
| Hovedforfatter: | |
|---|---|
| Format: | Bog |
| Sprog: | spansk |
| Udgivet: |
Barcelona
Gustavo Gili
1916
|
| Udgivelse: | 2a. ed |
| Fag: | |
| Tags: |
Tilføj Tag
Ingen Tags, Vær først til at tagge denne postø!
|
MARC
| LEADER | 00000nam a2200000 a 4500 | ||
|---|---|---|---|
| 001 | UCP6643 | ||
| 003 | CL-VaPUC | ||
| 008 | 991112e19160000SP |||||||||||||||||spa|d | ||
| 082 | 0 | 4 | |a 320.943 |b BUL |2 21 |
| 100 | 0 | |a Bülow, Bernardo de |e author |9 435817 | |
| 245 | 1 | 3 | |a La política alemana |
| 250 | |a 2a. ed | ||
| 300 | |a 354 p | ||
| 942 | |c BK | ||
| 945 | |d 19991112 00:00:00 |a crobeson | ||
| 260 | |a Barcelona |b Gustavo Gili |c 1916 | ||
| 650 | 0 | |a Historia política |9 256974 | |
| 650 | 0 | |a Política y gobierno |9 255151 | |
| 650 | 7 | |a POLITICA INTERNA |2 CL-VaPUC |9 342443 | |
| 650 | 7 | |a NACIONALISMO |2 CL-VaPUC |9 435818 | |
| 650 | 0 | |a Economía política |9 255814 | |
| 651 | 0 | |a Alemania |9 255688 | |
| 583 | |a last modification |c 19991112 00:00:00 |k Rodrigo Vera | ||
| 999 | |c 284114 |d 284112 | ||
| 952 | |0 0 |1 0 |4 0 |6 320_943000000000000_BUL_1916 |7 0 |8 X |9 327879 |a BIBHIS |b BIBHIS |d 2019-11-20 |i 1370952 |o 320.943 BUL 1916 |p 1370952 |r 2024-01-30 |w 2019-11-20 |y BK_X |k HIS | ||